000 00495nam a2200193 a 4500
001 11620
003 CO-ViMGA
008 141112s2004 ck r 000 u spa d
020 _a8475221157
040 _aCO-ViMGA
_bspa
_cCO-ViMGA
082 0 4 _a891.41 t41U
100 1 _aTagore, Rabindranath
_92958
245 1 0 _aUltimos poemas
260 _aMadrid,
_ceditorial Visor,
_c1986
300 _a181 p.
490 _aColeccoín visor de poesía
650 1 4 _aPOESIA HINDU
_916204
942 _2ddc
_cBK
999 _c22808
_d22808